000 00706cab a2200229 4500
001 WB3444-20
008 090401t1998 xxu||||| |||| 00| 0 eng d
035 _a(Sirsi) u89751
041 _aeng
245 _aInvestors favour equities
260 _c1998
350 _a0
490 _aProperty Week
_v63(29) 13 November 1998, 13(1)
520 _aA poll of UK fund managers indicates that they currently favour equities over property, with 11% planning to reduce their property holdings.
650 _aEQUITIES
650 _aFUND MANAGERS
650 _aINVESTMENT MARKET
650 _aPROPERTY HOLDINGS
690 _aPROPERTY-PROPERTY FINANCE AND INVESTMENT
942 _n0
948 _c17/11/1998
999 _c56807
_d56807